African Capitals A-Z in 90 seconds - Statistics

General Stats
  • This quiz has been taken 160 times
  • The average score is 16 of 20
Answer Stats
Letter Capital % Correct
A ABUJA
98%
C CAIRO
98%
D DAKAR
94%
B BAMAKO
93%
M MALABO
93%
N NAIROBI
92%
K KAMPALA
91%
L LIBREVILLE
91%
T TRIPOLI
84%
P PORT LOUIS
83%
J JUBA
78%
R RABAT
76%
F FREETOWN
73%
Y YAMOUSSOUKRO
72%
W WINDHOEK
68%
H HARARE
67%
G GABORONE
63%
O OUAGADOUGOU
61%
V VICTORIA
57%
S SAO TOME
56%
No matching quizzes found
Score Distribution
Percent of People with Each Score
Percentile by Number Answered
Your Score History
You have not taken this quiz